000 00532nam a2200205Ia 4500
003 OSt
005 20230923125559.0
008 210210b1957 xxu||||| |||| 00| 0 eng d
040 _cAL
041 _aKannada
082 _a859/634
100 _aTA RA SU
_dತ. ರಾ.ಸು
_9134984
245 _aVIjayotsava 1
_b ವಿಜಯೋತ್ಸವ ಭಾಗ ೧
260 _aBengaLUru
_b-
_c1957
650 _aVIjayOtsava
_9134985
650 _a1
_9134986
690 _aKannada Fiction
_9134987
906 _a021489
942 _2ddc
_cBK
999 _c145576
_d145576